000
00337nam a2200157Ia 4500
100
_a
Meriam/J.L/ Kraige
490
_v
I
942
_c
BK
654
_a
Mechanics.vol 1
245
_a
Engineering Mechanics.Vol 1
260
_b
John Wiley
_a
New York
_c
1993
082
_a
620.1
_b
PAN
300
_a
300
546
_a
ENGLISH
999
_c
35340
_d
35340